00298nam a2200109Ia 4500100002000000245010800020260001200128260001100140260000900151300000700160650002100167 aHerath,H.M.K.C. 4aThe study on removal of congo red dye from the effluents of textile industry using an adsorptive method aColombo bIchemc c2009 a45 aTextile Industry